01733 2200229 4500001002100000005001500021035002000036001002100056005001500077035002000092245005900112100001600171250001700187300002800204260002900232082001100261084001800272020002200290650001400312008004100326520113600367INLIS00000000000067420240831084401 a0010-0824000192INLIS00000000000067020240831075746 a0010-08240001881 aPetunjuk Praktis Membuat Bandeng Presto /cNeni Suheni0 aNeni Suheni aCetakan Ke-1 a44 hlm :bIlus ;c21 cm aBandung :bNuansa,c2007 a639.32 a639.32 NEN p a978-979-9481-67-8 4aPerikanan240831 0  aBuku ini memberi petunjuk yang praktis dan lengkap untuk mengolah bandeng presto yang meliputi cara memilih bandeng segar, cara membersihkan, dan cara mengolah ikan bandeng menjadi "bandeng presto" yang lezat, nikmat, dan sehat. Bandeng merupakan salah satu jenis ikan yang sangat populer dan banyak digemari masyarakat karena citarasanya yang enak dan gurih. Jika bandeng diolah menjadi "bandeng presto", maka akan punya nilai tambah, antara lain: rasanya menjadi semakin enak, variatif dan gurih, serta harga jualnya menjadi meningkat. Di samping untuk dikonsumsi sendiri dalam lingkungan keluarga, famili dan handai tolan, maka usaha pengolahan bandeng presto juga bisa dijadikan semacam home industry yang menguntungkan. Usaha bandeng presto ternyata bisa mendongkrak ekonomi masyarakat. Selain mudah memasarkannya, bandeng presto juga mudah membikinnya. Untuk memulai usaha bandeng presto membutuhkan modal terlalu banyak. Untuk itu, usaha pengolahan bandeng presto sangat layak ditekuni siapapun. Buku ini dikemas secara sederhana, gamblang, seistematis dan mudah dipraktikkan siapa saja, termasuk para pemula sekali pun.